| 000 | 00523nam a2200145 a 4500 | ||
|---|---|---|---|
| 008 | 120416s0000 ||||||||||||||||| || u | ||
| 020 | _a0860035115 | ||
| 050 | _aTS 155 Ope | ||
| 100 | _aLewis, Colin David | ||
| 245 | 1 | 0 |
_aOperations management in practice _cedited by C.D. Lewis |
| 260 |
_aOxford _bPhilip Allan _c1981 |
||
| 300 | _ax, 454p. : ill. | ||
| 350 | _a0.00 | ||
| 995 |
_D0.00 _FCBU-MAIN LIBRARY (Kitwe) _H1 _I8.95 _UAVAILABLE _ZMain Library Open Access Collection |
||
| 999 |
_c52678 _d52678 |
||